000 00341nam a22001457a 4500
020 _a81-7904-005-4
082 _a001
_bAPP/C
100 _aAPPLE PUBLISHING
245 _aCROSSWORD CHALLENGE
260 _aCHENNAI
_bAPPLE PUBLISHING INTERNATIONAL (P) LTD
_c2002
300 _a124
520 _aCROSS WORD BOOKS
650 _aG.K
942 _cBK
999 _c6724
_d6724